| 000 | 00444nam a2200157Ia 4500 | ||
|---|---|---|---|
| 008 | 160316s1996 xxu||||| |||| 00| 0 eng d | ||
| 082 |
_a346.066450 _bAGA |
||
| 100 | _aAgarwal R K | ||
| 245 | _aAnnual general meetings : Law, practice and procedure | ||
| 250 | _a | ||
| 260 |
_aDelhi _bHind Law Publishers _c1996 |
||
| 300 |
_a315p _b _c |
||
| 365 | _bRs.300/- | ||
| 650 | _a1. Corporate Law - Practice - Annual General Meeting | ||
| 700 |
_a _a |
||
| 999 |
_c11155 _d11155 |
||